000 00613nam a22001817a 4500
003 BD-DhUL
005 20180315121551.0
008 180315s1991 nyu||||| b||| 00| 0 eng d
040 _aBD-DhUL
_cBD-DhUL
082 _a341.13
_bUNM
110 2 _aUnited Nations
245 0 _aMedium-term plan for the period, 1992-1997 /
_bUnited Nations
260 _aNew York :
_bUnited Nations,
_c1991
300 _av. ;
_c28 cm
500 _a"General assembly, official records : forty-fifth session, supplement no. 6 (A/45/6/Rev.1)" Contents: v. 2. Major programmes v to x
651 0 _aUnited nations
942 _2ddc
_cBK
999 _c239307
_d239307